000 00671cam a2200241 4500500
005 20260329004823.0
041 _afre
042 _adc
100 1 0 _aLacroix, Alexandre
_eauthor
245 0 0 _aPour un post-utilitarisme
260 _c2021.
500 _a46
690 _aAlexandre Lacroix
690 _aIdéal
690 _aIdéalisme
690 _aPoésie
690 _aProfit
690 _aRationalité
690 _aUtilitarisme
690 _aUtilité
786 0 _nPhilosophie magazine | 149 | 5 | 2021-05-01 | p. 50-50 | 1951-1787
856 4 1 _uhttps://shs.cairn.info/magazine-philosophie-magazine-2021-5-page-50?lang=fr&redirect-ssocas=7080
999 _c1837631
_d1837631